000 00378nam a22001097a 4500
999 _c508776
_d508776
082 _aP Sh92e
100 _aVachaspati Shukla
_94266
245 _aEvaluating group disparities in educational outcomes
_bAn age cohort perspective
_cShukla, Vachaspati
260 _aAhmadabad
_bSardar Patel Institute of Economic and Social Research
_c2018
300 _a30p.
650 _aEducation
_99093